Manuel d'exercices physiques et de jeux scolaires (Record no. 97113)

MARC details
000 -LEADER
campo de control de longitud fija 00524nam a2200157 i 4500
001 - NÚMERO DE CONTROL
campo de control 97113
003 - IDENTIFICADOR DE NÚMERO DE CONTROL
campo de control ES-MaACL
005 - FECHA Y HORA DE LA ÚLTIMA TRANSACCIÓN
campo de control 20230906182038.0
007 - CAMPO FIJO DE DESCRIPCIÓN FÍSICA--INFORMACIÓN GENERAL
campo de control de longitud fija t|
008 - DATOS DE LONGITUD FIJA--INFORMACIÓN GENERAL
campo de control de longitud fija 050706s1910 fr ||||1| fre d
245 00 - MENCIÓN DEL TÍTULO
Título Manuel d'exercices physiques et de jeux scolaires
Resto del título : ouvrage illustre de figures /
Mención de responsabilidad, etc. Ministère de l'Instruction Publique.
260 ## - PUBLICACIÓN, DISTRIBUCIÓN, ETC.
Lugar de publicación, distribución, etc. Paris :
Nombre del editor, distribuidor, etc. Paul Herissey,
Fecha de publicación, distribución, etc. 1910.
300 ## - DESCRIPCIÓN FÍSICA
Extensión XVII, 270 p. ;
Dimensiones 18 cm.
710 1# - ENTRADA AGREGADA--NOMBRE DE ENTIDAD CORPORATIVA
Nombre de entidad corporativa o nombre de jurisdicción como elemento de entrada Francia.
Unidad subordinada Ministère de l'Instruction Publique.
9 (RLIN) 4165
852 ## - LOCALIZACIÓN
Ubicación ES-MaACL
Número de control de estantería F-9298
Holdings
Estatus retirado Estado de pérdida Estado de daño No para préstamo Biblioteca de origen Biblioteca actual Ubicación en estantería Fecha de adquisición Fuente de adquisición Total de préstamos Signatura topográfica completa Código de barras Visto por última vez Precio de reemplazo Tipo de ítem Koha
        Biblioteca del Ateneo de Madrid Biblioteca del Ateneo de Madrid Sala Pecera Planta 2 17/01/2008     F-9298 1101387 23/02/2023 23/02/2023 Libro impreso